000 00424nam a22001577a 4500
999 _c17683
_d17683
003 OSt
005 20221205150159.0
008 221205b ||||| |||| 00| 0 eng d
040 _c0
100 _aLlemit, Ralph Lawrence G.
_946944
245 _aDepEd 11 wants weekly disaster drills /
260 _aPhilippines;
_bSunStar,
_cNovember 19, 2019.
300 _apage 3.
650 _aDisaster relief.
_946945
942 _2ddc
_cPER